Statistiques concernant Personnages de My Hero Academia par images

Cliquez ici pour prendre le quiz!

Statistiques générales

  • Ce quiz a été pris 949 fois
  • Le résultat moyen est 16 sur 20

Statistiques - réponses

Réponse% Correct
All Might
95%
Izuku Midoriya
95%
Katsuki Bakugo
95%
Endeavor
93%
Shoto Todoroki
93%
Ochaco Uraraka
92%
Momo Yaoyorozu
86%
All for one
84%
Shota Aizawa
84%
Tomura Shigaraki
80%
Tsuyu Asui
80%
Tenya Iida
78%
Eri
74%
Mirio Togata
74%
Stain
74%
Himiko Toga
71%
Mina Ashido
69%
Kai Chisaki
53%
Mei Hatsume
46%
Hitoshi Shinso
41%

Distribution des résultats

Percentile par nombre de réponses

% des personnes avec chaque résultat

Votre développement - résultats

Vous n’avez pas pris ce quiz